Statistics for [路線図付き] JR東日本 八高線 駅名穴埋めクイズ

Click here to take the quiz!

General Stats

  • This quiz has been taken 254 times
  • The average score is 17 of 24

Answers on the Map

Answers color-coded by a green-red scale on the quiz's map according to % correct below.
 

Answer Stats

Answer% Correct
八高線八王子
99%
八高線高崎
95%
八高線拝島
92%
八高線高麗川
89%
八高線寄居
84%
八高線小川町
84%
八高線北八王子
82%
八高線倉賀野
80%
八高線東飯能
79%
八高線箱根ヶ崎
77%
八高線越生
71%
八高線群馬藤岡
70%
八高線東福生
67%
八高線北藤岡
66%
八高線児玉
66%
八高線小宮
64%
八高線金子
61%
八高線竹沢
59%
八高線毛呂
55%
八高線丹荘
52%
八高線用土
48%
八高線明覚
47%
八高線折原
41%
八高線松久
40%

Score Distribution

Percentile by Number Answered

Percent of People with Each Score

Your Score History

You have not taken this quiz